Every Mental Illness in the DSM-5 - Statistics

General Stats
  • This quiz has been taken 1,753 times
  • The average score is 47 of 199
Answer Stats
Categories Answers % Correct
Obsessive Compulsive and Related Disorders Obsessive Compulsive Disorder
88%
Other Specified/Unspecified Obsessive-Compulsive and Related Disorder
88%
Substance/Medication-Induced Obsessive-Compulsive and Related Disorders
88%
Anxiety Disorders Generalized Anxiety Disorder
86%
Attention-Deficit/Hyperactivity Disorder
85%
Other Specified/Unspecified Attention-Deficit/Hyperactivity Disorder
85%
Mood Disorders Bipolar I Disorder
84%
Bipolar II Disorder
84%
Other Specified/Unspecified Bipolar and Related Disorder
84%
Substance/Medication-Induced Bipolar Disorders
84%
Neurodevelopmental Disorders Autism Spectrum Disorder (Asperger's)
82%
Major (Clinical) Depressive Disorder
81%
Anorexia Nervosa
80%
Other Specified/Unspecified Trauma and Stressor Related Disorders
79%
Trauma and Stressor Related Disorders Post-Traumatic Stress Disorder
79%
Psychotic Disorders Schizophrenia
78%
Bulimia Nervosa
74%
Borderline Personality Disorder
73%
Other Specified/Unspecified Depressive Disorder
70%
Substance/Medication-Induced Depressive Disorder
69%
Social Anxiety Disorder (Social Phobia)
64%
Dissociative Disorders Dissociative Identity Disorder
63%
Sleep-Wake Disorders Insomnia
59%
Other Specified/Unspecified Insomnia Disorders
59%
Alcohol Use Disorder
52%
Specified/Unspecified Alcohol-Induced/Related Disorders
52%
Antisocial Personality Disorder
51%
Binge-Eating Disorder
50%
Gender Disorders Gender Dysphoria
50%
Other Specified/Unspecified Anxiety Disorders
50%
Other Specified/Unspecified Gender Dysphoria
50%
Substance/Medication-Induced Anxiety Disorders
48%
Narcissistic Personality Disorder
47%
Alcohol Withdrawal
42%
Alcohol Intoxication
41%
Separation Anxiety Disorder
36%
Tourette's Syndrome
36%
Seasonal Affective Disorder
35%
Panic Disorder
34%
Opioid Use Disorder
33%
Specified Phobias
33%
Specified/Unspecified Opioid-Induced/Related Disorders
33%
Major/Mild Neurocognitive Disorder (Dementia)
32%
Narcolepsy
32%
Schizoid Personality Disorder
32%
Cannabis Use Disorder
31%
Cerebral Palsy
31%
Histrionic Personality Disorder
31%
Neurocognitive Disorder Due to Alzheimer’s Disease
31%
Specified/Unspecified Cannabis-Induced/Related Disorders
31%
Sexual Dysfunctions Erectile Dysfunction
30%
Agoraphobia
29%
Pedophilic Disorder
29%
Specified/Unspecified Tobacco-Induced/Related Disorders
29%
Tobacco Use Disorder
29%
Paranoid Personality Disorder
28%
Specified/Unspecified Caffeine-Induced/Related Disorders
28%
Specified/Unspecified Stimulant-Induced/Related Disorders
28%
Stimulant Use Disorder
28%
Obsessive Compulsive Personality Disorder
27%
Other Hallucinogen Use Disorder
27%
Schizoaffective Disorder
27%
Specified/Unspecified Hallucinogen-Induced/Related Disorders
27%
Acute Stress Disorder
26%
Disruptive, Impulse-Control, and Conduct Disorders Oppositional Defiant Disorder
26%
Inhalant Use Disorder
25%
Sedative, Hypnotic, or Anxiolytic Use Disorder
25%
Specified/Unspecified Inhalant-Induced/Related Disorders
25%
Specified/Unspecified Sedative, Hypnotic, or Anxiolytic-Induced/Related Disorders
25%
Avoidant Personality Disorder
24%
Complex Post-Traumatic Stress Disorder
24%
Other (or Unknown) Substance Use Disorders
24%
Phencyclidine Use Disorder
24%
Pica
24%
Specified/Unspecified Other (or Unknown) Substance-Induced/Related Disorders
24%
Specified/Unspecified Phencyclidine-Induced/Related Disorders
24%
Substance Use Disorders
24%
Schizotypal Personality Disorder
23%
Eating and Feeding Disorders Avoidant/Restrictive Food Intake Disorder
22%
Dependent Personality Disorder
21%
Body Dysmorphic Disorder
20%
Kleptomania
20%
Neurocognitive Disorder Due to Parkinson’s Disease
20%
Other Specified/Unspecified Disruptive, Impulse-Control, and Conduct Disorders
20%
Conduct Disorder
19%
Dissociative Amnesia Disorder
18%
Opioid Withdrawal
18%
Other Specified/Unspecified Eating or Feeding Disorders
18%
Persistent (Chronic) Depressive Disorder (Dysthymia)
18%
Depersonalization/Derealization Disorder
17%
Opioid Intoxication
17%
Prenatal/Perinatal (Postpartum) Depression
17%
Cannabis Withdrawal
16%
Hypersomnia
16%
Other Specified/Unspecified Hypersomnia Disorders
16%
Pyromania
16%
Trichotillomania (Hair-Pulling Disorder)
16%
Cannabis Intoxication
14%
Cyclothymic Disorder
14%
Sexual Sadism Disorder
14%
Somatic Related Disorders Somatic Symptom Disorder
14%
Tobacco Withdrawal
14%
Caffeine Withdrawal
13%
Delusional Disorder
13%
Dermatillomania/Excoriation (Skin-Picking Disorder)
13%
Factitious Disorder
13%
Personality Disorders General Personality Disorder
13%
Other Specified/Unspecified Personality Disorders
13%
Selective Mutism
13%
Sexual Masochism Disorder
13%
Stimulant Withdrawal
13%
Other Specified/Unspecified Dissociative Disorders
12%
Premenstrual Dysphoric Disorder
12%
Voyeuristic Disorder
12%
Caffeine Intoxication
11%
Central Sleep Apnea Hypopnea
11%
Epilepsy
11%
Non–Rapid Eye Movement Sleep Arousal Disorders
11%
Obstructive Sleep Apnea Hypopnea
11%
Rumination Disorder
11%
Stimulant Intoxication
11%
Developmental Coordination Disorder (Dyspraxia)
10%
Intermittent Explosive Disorder
10%
Other Hallucinogen Intoxication
10%
Sedative, Hypnotic, or Anxiolytic Withdrawal
10%
Brief Psychotic Disorder
9%
Substance Related and Addictive Disorders Gambling Disorder
9%
Illness Anxiety Disorder (Hypochondriasis)
9%
Specific Learning Disorders
9%
Conversion Disorder (Functional Neurological Symptom Disorder)
8%
Hoarding Disorder
8%
Inhalant Intoxication
8%
Other (or Unknown) Substance Withdrawal
8%
Other Specified/Unspecified Elimination Disorders
8%
Other Specified/Unspecified Neurocognitive Disorder
8%
Other Specified/Unspecified Psychotic Disorders
8%
Rapid Eye Movement Sleep Behaviour Disorder
8%
Sedative, Hypnotic, or Anxiolytic Intoxication
8%
Adjustment Disorder
7%
Exhibitionistic Disorder
7%
Global Developmental Delay
7%
Intellectual Developmental Disorder
7%
Nightmare Disorder
7%
Other Specified/Unspecified Sexual Dysfunctions
7%
Phencyclidine Intoxication
7%
Provisional Tic Disorder
7%
Reactive Attachment Disorder
7%
Schizophreniform Disorder
7%
Substance/Medication-Induced Psychotic Disorders
7%
Substance/Medication-Induced Sexual Dysfunctions
7%
Substance Withdrawal
7%
Neurocognitive Disorders Delirium
6%
Elimination Disorders Encopresis
6%
Enuresis
6%
Neurocognitive Disorder Due to HIV Infection
6%
Neurocognitive Disorder Due to Huntington’s Disease
6%
Other (or Unknown) Substance Intoxication
6%
Other Specified/Unspecified Paraphilic Disorder
6%
Other Specified/Unspecified Sleep-Wake Disorders
6%
Premature (Early) Ejaculation
6%
Restless Legs Syndrome
6%
Substance/Medication-Induced Neurocognitive Disorder
6%
Disruptive Mood Dysregulation Disorder
5%
Paraphilic Disorders Fetishistic Disorder
5%
Neurocognitive Disorder Due to Traumatic Brain Injury
5%
Other Specified/Unspecified Intellectual Disabilities
5%
Other Specified/Unspecified Movement/Tic Disorders
5%
Other Specified/Unspecified Neurodevelopmental Disorder
5%
Substance Intoxication
5%
Unspecified Catatonia
5%
Fluency Disorder (Stuttering)
4%
Language Disorder
4%
Transvestic Disorder
4%
Delayed Ejaculation
3%
Female Orgasmic Disorder
3%
Frotteuristic Disorder
3%
Genito-Pelvic Pain/Penetration Disorder
3%
Other Specified/Unspecified Communication Disorders
3%
Other Specified/Unspecified Somatic and Related Disorders
3%
Social Pragmatic Communication Disorder
3%
Speech Sound Disorder
3%
Female Sexual Interest/Arousal Disorder
2%
Hallucinogen Persisting Perception Disorder
2%
Neurocognitive Disorder With Lewy Bodies
2%
Stereotypic Movement Disorder
2%
Vascular Neurocognitive Disorder
2%
Circadian Rhythm Sleep-Wake Disorders
1%
Disinhibited Social Engagement Disorder
1%
Frontotemporal Neurocognitive Disorder
1%
Male (Hypoactive) Sexual Desire Disorder
1%
Neurocognitive Disorder Due to Prion Disease
1%
Persistent (Chronic) Motor or Vocal Tic Disorder
1%
Tardive Akathisia
1%
Tardive Dyskinesia
1%
Tardive Dystonia
1%
Psychological Factors Affecting Other Medical Conditions
0%
Sleep-Related Hypoventilation
0%
No matching quizzes found
Score Distribution
Percent of People with Each Score
Percentile by Number Answered
Your Score History
You have not taken this quiz